Οι μανδαρίνοι
Αποθηκεύτηκε σε:
| Κύριος συγγραφέας: | |
|---|---|
| Άλλοι συγγραφείς: | |
| Μορφή: | Βιβλίο |
| Γλώσσα: | Greek French |
| Δημοσίευση: |
Αθήνα :
Γλάρος,
1982.
|
| Σειρά: | Ξένη πεζογραφία (Γλάρος)
19 |
| Θέματα: | |
| Ετικέτες: |
Προσθήκη ετικέτας
Δεν υπάρχουν, Καταχωρήστε ετικέτα πρώτοι!
|
MARC
| LEADER | 00000nam a2200000 a 4500 | ||
|---|---|---|---|
| 001 | 1/113127 | ||
| 008 | 170220t1982####gr | ||| |||| ||gre|| | ||
| 020 | |a | ||
| 040 | |a GR-MyUa |b gre |c GR-MyUa |e AACR2 | ||
| 041 | 1 | |a gre |h fre | |
| 082 | 7 | |a 843 |2 (23) | |
| 100 | 1 | |a Beauvoir, Simone de, |d 1908-1986. | |
| 245 | 1 | 3 | |a Οι μανδαρίνοι / |c Σιμόν ντε Μπωβουάρ ; μετάφραση Ζώρζ Σαρή. |
| 260 | |a Αθήνα : |b Γλάρος, |c 1982. | ||
| 300 | |a 683 σ. ; |c 21 εκ. | ||
| 490 | 1 | |a (Ξένη πεζογραφία-Γλάρος) ; |v 19 | |
| 534 | |p Μετάφραση του: |t Les mandarins | ||
| 650 | 0 | |a French fiction |y 20th century. | |
| 700 | 1 | |a Σαρή, Ζωρζ, |d 1925-2012, |e trlf | |
| 830 | 0 | |a Ξένη πεζογραφία (Γλάρος) |v 19 | |
| 852 | |a INST |b SAMOS |e 20170220 |h 843 BEA |p 005300044340 |q 005300044340 |t BK |y 0 | ||
| 920 | |a Μωραγιάννη |b Χρυσούλα |y Σάμος |z 2017-02 | ||
| 970 | |a Γουβάλα |b Βάσω |z 20-02-2017 | ||